000 00647nam a2200241Ia 4500
003 OSt
005 20220924143121.0
006 a|||||r|||| 00| 0
007 ta
008 220923b |||||||| |||| 00| 0 urd d
020 _c10
024 _a306733
037 _cTextual
040 _aARTS
_cARTS
_burd
041 _2urd
_aurd
082 _a12:3168, 168K5.1
100 _aSiddiqui Amrohvi
_9214817
245 0 _aMakhtutat anjuman taraqqi urdu
260 _c1965
700 _a Rizwi Sarfaraz Ali
_9214818
942 _h12:3168, 168K5.1
_cTEXL
_2CC
999 _c453213
_d453213